[Event "HUN-ch"]
[Site "Lillafured"]
[Date "1999.02.07"]
[Round "7"]
[White "Gyimesi, Zoltan"]
[Black "Sax, Gyula"]
[Result "1/2-1/2"]
[WhiteElo "2529"]
[BlackElo "2524"]
[Annotator "Wedberg,T"]
[PlyCount "70"]
[EventDate "1999.02.01"]
[EventType "tourn"]
[EventRounds "9"]
[EventCountry "HUN"]
[EventCategory "13"]
[SourceTitle "CBM 070"]
[Source "ChessBase"]
[SourceDate "1999.06.08"]
[SourceVersion "1"]
[SourceVersionDate "1999.06.08"]
[SourceQuality "1"]

1. e4 {Hansen,LB} e5 2. Nf3 Nc6 3. Bb5 a6 4. Ba4 Nf6 5. O-O Be7 6. Re1 b5 7.
Bb3 d6 8. c3 O-O 9. h3 Nb8 {Hansen,LB: 'The old Breyer line is still a solid
choice for Black.'} 10. d4 Nbd7 11. Nbd2 Bb7 12. Bc2 Re8 {Hansen,LB: 'Here
White is at a cross road: 13.a4 or 13.Nf1?'} 13. Nf1 Bf8 14. Ng3 g6 15. a4 c5 {
Hansen,LB: 'This position has occurred in hundreds of games. White usually
plays 16. d5 with a slight edge. Gyimesi has a different interesting idea.'}
16. Be3 {'!?' Hansen,LB. This is quite an unusual side line. White gives a P
for some play on the white squares.} ({The main line is} 16. d5 {and it is the
best move in the position.}) 16... exd4 17. cxd4 Bxe4 {'!' Hansen,LB.} (17...
Nxe4 18. Bxe4 Bxe4 19. Bg5 Bxf3 20. Bxd8 Bxd1 21. Rxe8 Bxa4 $14) 18. Nxe4 Nxe4
19. Bxe4 Rxe4 20. dxc5 Nxc5 21. axb5 axb5 22. Qd5 {'©!' Hansen,LB.} Re8 (22...
Rc8 23. b4 Rxb4 24. Ra7 Qf6 25. Ng5 $40 {1-0 Kotronias,V-Georgiev,K/Manila
1992/TD (35)}) 23. Ng5 $146 {White has a few threats for the P and Black has
only one move - but it´s good for a draw.} (23. b4 Ne6 24. Rxa8 {1/2-1/2 Sax,
G-Beliavsky,A/Reykjavik 1988/CBM 10 (24)}) (23. b4 $5 {Hansen,LB}) 23... Ne6 $8
24. Nxe6 (24. Qxb5 Rb8 $11) 24... fxe6 25. Qxb5 Rb8 26. Qe2 Bg7 $11 27. Reb1
Rb7 (27... Rb3 28. Ra7 $14) 28. Ra6 Qb8 29. b3 Rxb3 30. Rxb3 Qxb3 31. Rxd6 Qb1+
32. Rd1 Qf5 33. Bd4 Rd8 34. Bxg7 Rxd1+ 35. Qxd1 Kxg7 1/2-1/2

[Event "Groningen Festival"]
[Site "Groningen"]
[Date "1998.12.26"]
[Round "6"]
[White "Asrian, Karen"]
[Black "Piket, Jeroen"]
[Result "1/2-1/2"]
[WhiteElo "2600"]
[BlackElo "2605"]
[Annotator "Wedberg,T"]
[PlyCount "65"]
[EventDate "1998.12.20"]
[EventType "tourn"]
[EventRounds "10"]
[EventCountry "NED"]
[EventCategory "16"]
[SourceTitle "CBM 069"]
[Source "ChessBase"]
[SourceDate "1999.04.01"]
[SourceVersion "1"]
[SourceVersionDate "1999.04.01"]
[SourceQuality "1"]

1. e4 e5 2. Nf3 Nc6 3. Bb5 a6 4. Ba4 Nf6 5. O-O Be7 6. Re1 b5 7. Bb3 d6 8. c3
O-O 9. h3 Nb8 10. d4 Nbd7 11. Nbd2 Bb7 12. Bc2 Re8 13. a4 Bf8 14. Bd3 c6 15. b3
g6 16. Qc2 Nh5 (16... Rc8 17. Bb2 Nh5 18. Bf1 exd4 19. cxd4 d5 20. e5 b4 $15 {
Black is better because he has the break c5. 0-1 Bezgodov,A-Balashov,Y/Perm
1997/CBM 58/[Wedberg] (53)}) 17. Bb2 Nf4 18. Bf1 exd4 $5 {Piket plays
Balashovs idea in a slightly different position.} (18... Bg7 19. c4 (19. Rad1
Ne6 20. Qb1 Qc7 21. g3 bxa4 22. bxa4 d5 $11 {1/2-1/2 Aseev,K-Giorgadze,G/Lvov
1990/CBM 18 (42)}) (19. g3 Ne6 20. Rad1 Qc7 21. b4 Nb6 22. axb5 axb5 23. dxe5
dxe5 $11 {1/2-1/2 Almasi,Z-Stefansson,H/Kopavogur 1994/CBM 41 ext (35)}) 19...
exd4 20. Bxd4 Bxd4 21. Nxd4 b4 22. g3 Qf6 23. N4f3 Ne6 $11 {1-0 Timoshenko,
G-Giorgadze,G/Podolsk 1989/EXT 97 (54)}) (18... Ne6 19. Rad1 Qc7 20. Qb1 Rab8
21. Qa2 Ba8 22. Ba1 exd4 23. Nxd4 c5 24. Nxe6 fxe6 25. c4 b4 26. f4 e5 $13 {
1/2-1/2 Wahls,M-Van der Sterren,P/BL9596 1996/GER-chT (41)}) 19. cxd4 Rc8 20.
g3 Ne6 21. h4 d5 22. Bh3 c5 $1 $36 23. Qd1 cxd4 24. axb5 axb5 25. Nxd4 (25.
Bxe6 fxe6 $15) 25... Nxd4 26. Bxd4 dxe4 27. Ra7 Rc7 (27... Bc6 $2 28. Bxd7 Bxd7
29. Nxe4 $16) 28. Rxb7 $5 Rxb7 29. Nxe4 Rxe4 $6 (29... Bg7 $1 30. Nd6 (30. Bxg7
Kxg7 31. Nd6 Rxe1+ 32. Qxe1 Ra7 $17) 30... Rxe1+ 31. Qxe1 Bxd4 32. Nxb7 Qc7 33.
Bxd7 Qxd7 $17) 30. Rxe4 Nc5 31. Re1 Nxb3 32. Qf3 $44 Re7 (32... Rb8 33. Bb2 $44
) 33. Rxe7 (33. Rxe7 Bxe7 34. Qxb3 Qxd4 35. Qxb5 $11) 1/2-1/2

[Event "Hoogovens"]
[Site "Wijk aan Zee"]
[Date "1999.01.20"]
[Round "4"]
[White "Svidler, Peter"]
[Black "Piket, Jeroen"]
[Result "1/2-1/2"]
[WhiteElo "2713"]
[BlackElo "2609"]
[Annotator "Wedberg,T"]
[PlyCount "73"]
[EventDate "1999.01.16"]
[EventType "tourn"]
[EventRounds "13"]
[EventCountry "NED"]
[EventCategory "17"]
[SourceTitle "CBM 069"]
[Source "ChessBase"]
[SourceDate "1999.04.01"]
[SourceVersion "1"]
[SourceVersionDate "1999.04.01"]
[SourceQuality "1"]

1. e4 e5 2. Nf3 Nc6 3. Bb5 a6 4. Ba4 Nf6 5. O-O Be7 6. Re1 b5 7. Bb3 d6 8. c3
O-O 9. h3 Nb8 10. d4 Nbd7 11. Nbd2 Bb7 12. Bc2 Re8 13. Nf1 Bf8 14. Ng3 g6 15.
a4 c5 16. d5 c4 17. Bg5 h6 18. Be3 Nc5 19. Qd2 h5 20. Bg5 Be7 21. Ra3 Rb8 22.
Rea1 Bc8 $146 (22... Nh7 23. Be3 Bf6 24. Ne2 Nf8 25. Nc1 Nfd7 26. axb5 axb5 27.
b4 $14 {1-0 Topalov,V-Van der Sterren,P/Antwerp 1997/CBM 61/[Wedberg] (55)}) (
22... Qc7 23. axb5 axb5 24. Ra7 Ra8 $11 {1/2-1/2 Seres,L-Farkas,T/Szeged 1998/
CBM 63 ext (30)}) 23. axb5 axb5 24. Ra7 Rb7 25. Ra8 Nfd7 26. Be3 Qc7 27. Rf1 $5
{Svidler shifts his attention to the K-side, obviously thinking there is not
much he can do on the other side. It looks like a very reasonable plan given
the weakness of Black's K-side P-structure.} ({Following in Topalovs footsteps
with} 27. Ne2 {(/\Nc1, b2-b4) would be the alternative.}) 27... Ra7 28. Rxa7
Qxa7 29. Ng5 Bd8 30. Kh1 Bb6 31. Qd1 f6 {Pre-empting a sacrifice on h5.} 32.
Nf3 Nf8 33. Nh4 Ncd7 34. Bc1 Re7 35. f4 {This looks like a nice attack for
White, but Black has a good defensive R on the seventh.} Rh7 36. Qf3 (36. f5 g5
37. Ng6 h4 38. Nh5 Be3 $11) (36. Nxg6 Nxg6 37. Nxh5 {is aggressive, but does
it work?} Kh8 38. Qg4 Ne7 39. Qe6 {Crazy! You work it out.}) 36... Bd8 37. Qd1
(37. f5 g5 38. Ng6 h4 (38... g4 39. Qe2 $40) 39. Nh5 Kf7 $13) 1/2-1/2

[Event "Escaldes zt"]
[Site "Escaldes"]
[Date "1998.11.12"]
[Round "7"]
[White "Dorfman, Josif D"]
[Black "Van der Sterren, Paul"]
[Result "1-0"]
[WhiteElo "2585"]
[BlackElo "2575"]
[Annotator "Wedberg,T"]
[PlyCount "89"]
[EventDate "1998.11.06"]
[EventType "swiss"]
[EventRounds "9"]
[EventCountry "AND"]
[SourceTitle "CBM 068"]
[Source "ChessBase"]
[SourceDate "1999.02.01"]
[SourceVersion "1"]
[SourceVersionDate "1999.02.01"]
[SourceQuality "1"]

1. e4 e5 2. Nf3 Nc6 3. Bb5 a6 4. Ba4 Nf6 5. O-O Be7 6. Re1 b5 7. Bb3 d6 8. c3
O-O 9. h3 Nb8 10. d4 Nbd7 11. Nbd2 Bb7 12. Bc2 Re8 13. Nf1 Bf8 14. Ng3 g6 15.
a4 c5 16. d5 c4 17. Bg5 h6 18. Be3 Nc5 19. Qd2 h5 20. Bg5 Be7 21. Bh6 Nh7 22.
Ra3 Rb8 23. Rea1 Bc8 24. axb5 axb5 25. Qe3 (25. Ra7 Bd7 (25... Bb7 26. Qe3 Bf6
27. Nd2 Qb6 28. b4 cxb3 29. Nxb3 Ra8 30. Rxa8 Rxa8 31. Rb1 $1 $14 {1-0 Adams,
M-Salov,V/Wijk aan Zee 1991/CBM 22/[Salov] (67)}) 26. Qe3 Bf6 27. Ne2 {1/2-1/2
Arnason,J-Hjartarson,J/Gardabaer 1991/EXT 99 (27)}) (25. Be3 Bf6 26. Ne2 Bd7
27. Ra7 Qc8 28. Bxc5 dxc5 29. Qe3 Bd8 30. R7a6 $13 {0-1 Timman,J-Portisch,L/
Brussels 1988/CBM 07 (52)}) 25... Bd7 26. Nd2 h4 27. Ne2 g5 $5 {/\Kh8,Rg8-g6
Trying to trap Bh6.} (27... Bg5 28. Bxg5 Qxg5 29. Qxg5 Nxg5 30. Ra7 $14) 28. g3
hxg3 $2 {This move spoils everything. Black is still hoping to trap the B, but
instead he should have settled for play on the g-file.} (28... Kh8 $1 29. gxh4
(29. Qf3 $2 Rg8 30. Qxf7 Be8 31. Qf5 Rg6 $19) 29... gxh4 30. Kh2 Rg8 $132) 29.
Nxg3 $1 $40 Bxh3 (29... Kh8 30. Qf3 $1 f6 31. Nf5 Rg8 32. Ra7 Rg6 33. Qh5 $16)
30. Kh2 Bd7 31. Rg1 Kh8 (31... Bf8 $142) 32. Kg2 $1 $16 {[%cal Yg1h1,Yh1h8]}
Rg8 33. Rh1 Rg6 34. Nf5 Bf8 (34... Bxf5 35. exf5 Rg8 36. f6 $18) 35. Bxf8 Qxf8
36. Qh3 Rg7 37. Nf1 Bxf5 38. Qxf5 Kg8 39. Ne3 f6 40. Ng4 $18 Qe7 (40... Rbb7
41. Raa1 Nd7 42. Rh6 Rf7 43. Rah1 $40) 41. Rxh7 Rxh7 42. Nxf6+ Kh8 43. Nxh7
Qxh7 44. Qf6+ Kg8 45. Qxd6 1-0

[Event "Drammen Smartfish Masters"]
[Site "Drammen"]
[Date "2005.01.03"]
[Round "7"]
[White "Carlsen, Magnus"]
[Black "Shirov, Alexei"]
[Result "1-0"]
[WhiteElo "2581"]
[BlackElo "2726"]
[Annotator "Wedberg,T"]
[PlyCount "75"]
[EventDate "2004.12.27"]
[EventType "tourn"]
[EventRounds "9"]
[EventCountry "NOR"]
[EventCategory "14"]
[SourceTitle "CBM 105"]
[Source "ChessBase"]
[SourceDate "2005.04.11"]
[SourceVersion "1"]
[SourceVersionDate "2005.04.11"]
[SourceQuality "1"]

{This game is no masterpiece, but it's a fighting game. The fact that young
Magnus Carlsen manages to beat the great Alexei Shirov with his own methods is
quite impressive.} 1. e4 e5 2. Nf3 Nc6 3. Bb5 a6 4. Ba4 Nf6 5. O-O Be7 6. Re1
b5 7. Bb3 O-O 8. c3 d6 9. h3 Nb8 10. d4 Nbd7 11. Nbd2 Bb7 12. Bc2 Re8 13. Nf1
Bf8 14. Ng3 g6 15. b3 c6 16. Bg5 Bg7 17. Qd2 Qc7 (17... Qe7 18. Rad1 Qf8 19.
Nf1 h6 20. Bh4 Rac8 21. N1h2 exd4 22. cxd4 c5 $132 {1-0 Karjakin,S-Sasikiran,K/
playchess.com 2004/EXT 2005 (60)}) 18. a4 d5 $146 {[%mdl 8]} (18... Rad8 19.
Bd3 Nf8 20. Qc2 Ne6 21. Be3 Nd7 22. Rec1 Qb8 23. axb5 axb5 24. b4 $14 {1-0 Acs,
P-Gabriel,C/Germany 2004/EXT 2005 (43)}) 19. dxe5 Nxe5 20. Nxe5 Qxe5 21. Bf4 (
21. f4 Qc7 22. e5 Nd7 $13) 21... Qe6 22. e5 Nd7 23. Bh6 Bh8 24. f4 Qe7 25. Re3
Nf8 26. Rf1 {White is looking for a knock out on the K-side but the black
forces are well placed to withstand any attempts to storm.} c5 27. f5 d4 $5 (
27... Bxe5 $5) 28. cxd4 cxd4 29. fxg6 $6 {[%mdl 512] A brave but incorrect
sacrifice. From a psychological point of view this move is close to a winner.}
(29. Qxd4 Bxe5 $13) 29... hxg6 $6 {Shirov accepts the calculations made by his
young adversary. But he should have taken the R.} (29... dxe3 $1 30. gxf7+ Qxf7
31. Qxe3 Qc7 $1 32. Qg5+ Ng6 33. Bxg6 Qb6+ 34. Kh1 Qxg6 $19) 30. Nf5 $5 {
Once you have your opponent on the defensive - throw everything at him. Shirov
himself has made a nice career from that strategy.} gxf5 31. Rg3+ Ng6 32. Bxf5
Qxe5 33. Rg4 Bg7 (33... Qd6 34. Qd3 Re6 35. h4 $1 $40) 34. Bxg6 fxg6 35. Rxg6
Re7 36. Rf4 Be4 $4 {The deciding mistake.} (36... Rc8 $1 37. Rfg4 Rcc7 $17) 37.
Rg5 $1 Qe6 38. Bxg7 $18 1-0

[Event "Krynica zt"]
[Site "Krynica"]
[Date "1998.09.04"]
[Round "3"]
[White "Hracek, Zbynek"]
[Black "Acs, Peter"]
[Result "0-1"]
[WhiteElo "2545"]
[BlackElo "2490"]
[Annotator "Wedberg,T"]
[PlyCount "132"]
[EventDate "1998.09.02"]
[EventType "swiss"]
[EventRounds "9"]
[EventCountry "POL"]
[SourceTitle "CBM 067"]
[Source "ChessBase"]
[SourceDate "1998.11.30"]
[SourceVersion "2"]
[SourceVersionDate "1998.11.01"]
[SourceQuality "1"]

{[%mdl 432]} {This game features an interesting struggle in the centre. Up to
a point it's all pretty logical. Then the random phase starts, with advantages
shifting move to move.} 1. e4 e5 2. Nf3 Nc6 3. Bb5 a6 4. Ba4 Nf6 5. O-O Be7 6.
Re1 b5 7. Bb3 d6 8. c3 O-O 9. h3 Nb8 10. d4 Nbd7 11. Nbd2 Bb7 12. Bc2 Re8 13.
a4 Bf8 14. Bd3 c6 15. Nf1 (15. b3 g6 16. Qc2 Rc8 17. Bb2 Nh5 18. Bf1 exd4 19.
cxd4 d5 20. e5 b4 21. Nh2 c5 $36 {0-1 Bezgodov,A-Balashov,Y/Perm 1997/CBM 58/
[Wedberg] (53)}) 15... g6 16. Ng3 Bg7 17. Bg5 Nf8 (17... h6 18. Bd2 Qe7 19. Qc2
Qf8 20. Rad1 Rac8 21. Bc1 Rc7 22. b3 d5 $132 {1/2-1/2 Hellers,F-Giorgadze,G/
Debrecen 1992/EU-chT (30)}) 18. Qd2 Ne6 19. Be3 Nd7 20. Bf1 Qc7 21. Red1 Rad8
22. Qc2 Nb6 23. b3 exd4 24. cxd4 d5 $5 {Black treats the centre the same way
Balashov did in his game against Bezgodov above.} 25. e5 (25. a5 Nc8 26. exd5
Rxd5 27. Ne4 Qd8 $17 {[%csl Rd4] ><d4}) 25... f6 $5 {Blockade and attack.
Black grabs the initiative in the centre, but his K-side is weakened.} 26. exf6
Bxf6 27. axb5 axb5 28. h4 Nd7 29. h5 Ndf8 30. hxg6 hxg6 31. Re1 Qg7 32. Qd2 Ra8
33. Rxa8 Rxa8 34. Bh6 Qh8 35. Bxf8 Nxf8 36. Qf4 Qg7 37. Bd3 Ra2 $132 38. Nf1
Bc8 39. N1h2 Qf7 40. Ng4 Bxg4 41. Qxg4 Rb2 42. Re3 Bg7 43. g3 Bh6 44. Re1 Rxb3
45. Ne5 Qe6 46. Qd1 (46. Bxg6 Qxg4 47. Bf7+ Kg7 48. Nxg4 Kxf7 49. Nxh6+ Kg6 50.
Ng4 $13) 46... Ra3 47. Qb1 Bd2 48. Re2 Bc3 49. Kg2 (49. Nxg6 Qf6 50. Ne7+ Kh8
51. Qc2 Bxd4 $17) 49... Bxd4 50. Nxg6 Qf7 $2 (50... Qf6) 51. Ne7+ Kh8 52. Qh1+
(52. Nxc6 $16) 52... Nh7 53. Bf5 (53. Qxh7+ Qxh7 54. Bxh7 Kxh7 55. Nxc6 Bc3 56.
Re7+ Kh6 57. Rd7 $14) 53... Bc5 54. Qh4 $2 Bxe7 55. Rxe7 Qxf5 $19 56. Re8+ Kg7
57. Qe7+ Qf7 58. Qe5+ Qf6 59. Qc7+ Kh6 60. Re1 Qf3+ 61. Kg1 Qf6 62. Kg2 Ng5 63.
Qc8 Ra2 64. Rh1+ Kg7 65. Qh8+ Kf7 66. Qh5+ Qg6 0-1

[Event "Biel GM"]
[Site "Biel"]
[Date "2004.07.27"]
[Round "8"]
[White "Morozevich, Alexander"]
[Black "Sasikiran, Krishnan"]
[Result "1-0"]
[WhiteElo "2743"]
[BlackElo "2666"]
[Annotator "Wedberg,T"]
[PlyCount "69"]
[EventDate "2004.07.19"]
[EventType "tourn"]
[EventRounds "10"]
[EventCountry "SUI"]
[EventCategory "18"]
[SourceTitle "CBM 102"]
[Source "ChessBase"]
[SourceDate "2004.09.23"]
[SourceVersion "1"]
[SourceVersionDate "2004.09.23"]
[SourceQuality "1"]

1. e4 e5 2. Nf3 Nc6 3. Bb5 a6 4. Ba4 Nf6 5. O-O Be7 6. Re1 b5 7. Bb3 d6 8. c3
O-O 9. h3 Nb8 10. d4 Nbd7 11. Nbd2 Bb7 12. Bc2 Re8 13. a4 Bf8 14. Bd3 c6 15. b3
g6 16. Bb2 Qb6 17. c4 $5 {[%mdl 8] A new and aggressive move.} (17. Qc2 Nh5 (
17... Rac8 18. Bf1 Nh5 19. Rab1 exd4 20. cxd4 d5 21. Ba1 c5 22. exd5 {1/2-1/2
Hort,V-Smejkal,J/Germany 1990/GER-chT (22)}) 18. Bf1 exd4 19. cxd4 d5 20. e5
Nf4 21. Nh2 Ne6 22. Ndf3 c5 $132 {1/2-1/2 Ehlvest,J-Krivonosov,O/Tallinn 1998/
CBM 62 ext (34)}) 17... Nh5 18. b4 Bg7 19. c5 {Make or break.} Qc7 20. cxd6 $5
(20. Nb3 $14) 20... Qxd6 21. dxe5 Qxb4 $1 22. Ba3 Qc3 23. Bd6 Nxe5 {Black is
taking the right decisions so far. White has exchanged his dominating position
for some unclear tactics. The black Q is in a maze and has to tread carefully
not to be trapped.} 24. Ra3 Qb2 25. Rb3 Qa2 26. Nxe5 (26. Bxe5 Bxe5 27. axb5
axb5 28. Bxb5 $2 {doesn´t work due to} cxb5 29. Rxb5 Bc3 30. Rxb7 Red8 $19)
26... Bxe5 27. Bxe5 Rxe5 28. Nc4 $1 {This spirited move decides the game - not
because its decisive, the intimidation works wonders.} Re7 $4 (28... bxc4 $1
29. Bxc4 Qxa4 30. Bxf7+ Kh8 (30... Kxf7 $2 31. Rxb7+ $18) 31. Rxb7 Qxd1 32.
Rxd1 Rxe4 33. Rc1 Rc8 34. Bd5 Nf4 $11) 29. Ra3 $18 {So the Q was lost after
all.} bxc4 30. Rxa2 Rd8 31. Rd2 Red7 32. Qf3 Rxd3 33. Rxd3 Rxd3 34. Re3 Rd7 35.
Qe2 1-0

[Event "FRA-ch"]
[Site "Aix les Bains"]
[Date "2003.08.27"]
[Round "9"]
[White "Sokolov, Andrei"]
[Black "Bacrot, Etienne"]
[Result "1-0"]
[WhiteElo "2554"]
[BlackElo "2645"]
[Annotator "Wedberg,T"]
[PlyCount "101"]
[EventDate "2003.08.18"]
[EventType "tourn"]
[EventRounds "11"]
[EventCountry "FRA"]
[EventCategory "13"]
[SourceTitle "CBM 097"]
[Source "ChessBase"]
[SourceDate "2003.11.11"]
[SourceVersion "1"]
[SourceVersionDate "2003.11.11"]
[SourceQuality "1"]

1. e4 e5 2. Nf3 Nc6 3. Bb5 a6 4. Ba4 Nf6 5. O-O Be7 6. Re1 b5 7. Bb3 d6 8. c3
O-O 9. h3 Bb7 10. d4 Re8 11. Ng5 Rf8 12. Nf3 Re8 13. Nbd2 Bf8 14. Bc2 Nb8 15.
a4 Nbd7 16. Bd3 c6 17. b4 Nb6 18. axb5 $5 {[%mdl 8]} (18. a5 Nbd7 19. Bb2 g6
20. Qb3 Bg7 21. Rac1 Nh5 22. Bf1 Nf4 23. c4 exd4 24. Nxd4 c5 $132 {1-0
Dervishi,E - Cobb,J/EU-chT 2001/(30)}) 18... axb5 19. Rxa8 Qxa8 20. Nb3 {
White is relying on his pressure against e5 to hold Black down. In principle
Black would like to take and break with exd4 and c5, but it doesn´t work right
now.} Qb8 (20... exd4 21. cxd4 c5 22. Bxb5 Rxe4 23. bxc5 Rxe1+ 24. Nxe1 $16)
21. Na5 Ba8 22. Bg5 Nfd7 23. Bh4 $1 {[%mdl 2048] Sokolov want´s to add more
pressure to e5 with Bg3 to prevent all Black´s breaks in the centre. Then he
wants to start active play with c4 after due preparation.} g6 24. Bg3 Bg7 25.
Qb3 Nf8 26. c4 $1 {[%mdl 4] It´s interesting to follow how Sokolov step by
step improves his position. The pressure against the black centre is
increasing slowly but steadily.} bxc4 (26... exd4 27. c5 $16) 27. Nxc4 Nbd7 (
27... Nxc4 28. Bxc4 Ne6 29. dxe5 dxe5 30. Qc3 Nf4 31. Rd1 Qc7 32. Ng5 Rf8 33.
Qd2 $18 {[%cal Yd2d7]}) 28. Qa2 Ne6 29. Rb1 h6 30. Qa5 $1 {The pressure
against e5 is a main problem for Black and White knows how to keep it up.} Nf4
31. Bxf4 exf4 32. b5 c5 (32... cxb5 33. Rxb5 $18 {[%csl Rd6]}) 33. d5 f5 {
Bacrot correcty decides to break the game open before it´s to late.} 34. exf5
Bxd5 35. b6 Bxf3 36. gxf3 d5 37. Qb5 $1 Rd8 (37... dxc4 38. Bxc4+ Kh8 39. Qxd7
$18) 38. Na5 Ne5 39. Nc6 Nxc6 40. Qxc6 c4 41. Qe6+ Kh8 42. f6 cxd3 43. fxg7+
Kh7 44. Rd1 Kxg7 45. Qe7+ Kg8 46. Ra1 $1 $18 Re8 47. Qf6 d2 48. Qxg6+ Kf8 49.
Qf6+ Kg8 50. Kh2 Re1 51. Ra7 1-0

[Event "Corus"]
[Site "Wijk aan Zee"]
[Date "2005.01.25"]
[Round "9"]
[White "Leko, Peter"]
[Black "Short, Nigel D"]
[Result "1-0"]
[WhiteElo "2749"]
[BlackElo "2674"]
[Annotator "Wedberg,T"]
[PlyCount "73"]
[EventDate "2005.01.15"]
[EventType "tourn"]
[EventRounds "13"]
[EventCountry "NED"]
[EventCategory "19"]
[SourceTitle "CBM 105"]
[Source "ChessBase"]
[SourceDate "2005.04.11"]
[SourceVersion "1"]
[SourceVersionDate "2005.04.11"]
[SourceQuality "1"]

{[%mdl 1]} 1. e4 e5 2. Nf3 Nc6 3. Bb5 a6 4. Ba4 Nf6 5. O-O Be7 6. Re1 b5 7. Bb3
d6 8. c3 O-O 9. h3 Nb8 10. d4 Nbd7 11. Nbd2 Bb7 12. Bc2 Re8 13. Nf1 Bf8 14. Ng3
g6 15. b3 Bg7 16. d5 Qe7 17. c4 c6 18. Be3 Rec8 19. Rc1 a5 20. Qd2 bxc4 (20...
Nc5 21. Bxc5 dxc5 22. dxc6 Bxc6 23. cxb5 Bxb5 24. a4 Bc6 (24... Be8 25. Bd3 Nd7
26. Nf1 Nb6 27. Ne3 $14 {1-0 Hunt,A-Kunte,A/Edinburgh 2003/CBM 095 ext (61)})
25. Bd3 Nd7 26. Nf1 Rcb8 27. Rc3 Rb4 28. Ne3 Kh8 29. Nc4 Nf8 30. Bc2 f6 $11 {
Efimenko, Z-Socko, B/Hastings 2004/0-1}) 21. bxc4 cxd5 22. cxd5 Nc5 23. Bd3 $1
{[%mdl 4] An excellent idea. Black can exchange the B but then his Q-side is
weak.} h5 (23... Nxd3 24. Rxc8+ Bxc8 25. Qxd3 Ba6 26. Qa3 $14) 24. Bxc5 dxc5
25. Qg5 $1 {The Q is annoying on g5 since it prevents the manouvre Se8-d6.} Rc7
26. Nf1 $1 Rac8 27. N1d2 Ne8 28. Qxe7 Rxe7 29. Nc4 Ba6 (29... Ra8 30. d6 Re6
31. Ng5 Rf6 32. d7 $18) 30. Nfxe5 Bxe5 31. Nxe5 c4 32. Bxc4 Rxe5 33. Bxa6 Rxc1
34. Rxc1 Rxe4 35. f3 $1 Re5 36. Rc5 h4 (36... Nd6 37. Rxa5 $18) 37. d6 $1 {
Beautiful final touch!} 1-0